000 00386cam a22001217a 4500
008 180718b1973 xxu||||| |||| 00| 0 eng d
082 _aA75 An24NI
245 _aAndhra Pradesh district gazetteers: Nizamabad
_cedited by M.V. Rajagopal
260 _aHyderabad
_bAndhra Pradesh District Gazetteers
_c1973
300 _a364+p.
650 _aNizamabad - Gazetteers
700 _aRajagopal, M.V.
999 _c486860
_d486860